| 000 | 00806nam a2200253 a 4500 | ||
|---|---|---|---|
| 001 | 42809 | ||
| 003 | BD-RjUL | ||
| 005 | 20211209053609.0 | ||
| 008 | 160616s19691967enk 001 0 eng d | ||
| 035 | _a(BD-RjUL)42927 | ||
| 035 | _a731464 | ||
| 040 |
_aANL _beng _cANL _dBD-RjUL |
||
| 041 | _aeng | ||
| 082 | 0 | 4 |
_a330.98 _223 _bFRC 1969 |
| 100 | 1 |
_aFrank, Andre Gunder _d1929- _9131561 |
|
| 245 | 1 | 0 |
_aCapitalism and underdevelopment in Latin America : _bhistorical studies of Chile and Brazil / _c Andre Gunder Frank |
| 260 |
_a[Harmondsworth, Eng.] : _bPenguin Books, _c1969 |
||
| 300 |
_axxiii, 368 p. ; _c18 cm. |
||
| 490 | 0 | _aPelican Latin American library | |
| 500 | _aIndex | ||
| 651 | 0 |
_aChile _xEconomic conditions. _9130475 |
|
| 651 | 0 |
_aBrazil _xEconomic conditions. _9131562 |
|
| 942 |
_2ddc _cBK |
||
| 999 |
_c42809 _d42809 |
||